|
|
|
|
| LEADER |
00000nam0a2200000 4500 |
| 001 |
122767 |
| 005 |
20231031130143.0 |
| 020 |
|
|
|a RU
|b 88-81863
|
| 035 |
|
|
|a (RuTPU)RU\TPU\book\132909
|
| 090 |
|
|
|a 122767
|
| 100 |
|
|
|a 20071008d1988 km y0rusy5003 ca
|
| 101 |
0 |
|
|a rus
|
| 102 |
|
|
|a UZ
|
| 105 |
|
|
|a a z 001zy
|
| 200 |
1 |
|
|a Условия образования и закономерности размещения месторождений полезных ископаемых
|e сборник научных трудов
|f Ташкентский политехнический институт ; под ред. Х. К. Каримова, О. Т. Разыкова
|
| 210 |
|
|
|a Ташкент
|c ТашПИ
|d 1988
|
| 215 |
|
|
|a 95 с.
|c ил.
|
| 320 |
|
|
|a Библиогр. в конце ст.
|
| 610 |
1 |
|
|a рудные месторождения
|
| 610 |
1 |
|
|a образование
|
| 610 |
1 |
|
|a размещения
|
| 610 |
1 |
|
|a полезные ископаемые
|
| 610 |
1 |
|
|a месторождения
|
| 610 |
1 |
|
|a Средняя Азия
|
| 675 |
|
|
|a 553.06(575)(082)
|z rus
|
| 702 |
|
1 |
|a Каримов
|b Х. К.
|4 340
|
| 702 |
|
1 |
|a Разыков
|b О. Т.
|4 340
|
| 712 |
0 |
2 |
|a Ташкентский политехнический институт
|2 stltpush
|3 (RuTPU)RU\TPU\col\6741
|
| 801 |
|
0 |
|a RU
|b RuMRKP
|c 19950417
|g psbo
|
| 801 |
|
1 |
|a RU
|b 63413507
|c 20071008
|g PSBO
|
| 801 |
|
2 |
|a RU
|b 63413507
|c 20080924
|g PSBO
|
| 942 |
|
|
|c BK
|